000 00378nam a2200157Ia 4500
008 230917s9999||||xx |||||||||||||| ||und||
020 _cRS80
040 _e20117
_aMAIN
041 _aEnglish
082 _a070.1024338 N629C
100 _aNiraj Kumar
245 0 _aCommunication in Indian industry
260 _aNew Delhi
_bMilind
_c1982
300 _ax,162 p.
942 _cBK
999 _c229195
_d229195